[Event "Ideal Clave op 7th"]
[Site "Barcelona"]
[Date "2001.11.17"]
[Round "7"]
[White "Angli Marti, Jordi"]
[Black "March, Josep"]
[Result "1-0"]
[WhiteElo "1945"]
[BlackElo "1760"]
[PlyCount "63"]
[EventDate "2001.09.29"]
[EventType "swiss"]
[EventRounds "8"]
[EventCountry "ESP"]
[SourceTitle "EXT 2003"]
[Source "ChessBase"]
[SourceDate "2002.11.25"]
[SourceVersion "1"]
[SourceVersionDate "2002.11.25"]
[SourceQuality "1"]

1. d4 d5 2. c4 c6 3. Nf3 Nf6 4. Nc3 Bf5 5. e3 e6 6. Be2 Bb4 7. Qb3 Bxc3+ 8. Qxc3 0-0 9. 0-0 Nbd7 10. b3 Rc8 11. Ba3 Re8 12. Nd2 e5 13. dxe5 Nxe5 14. Rfd1 Qc7 15. Rac1 Red8 16. Bb2 Ned7 17. cxd5 Nb6 18. e4 Bd7 19. Nf3 Qf4 20. dxc6 Rxc6 21. Qe5 Qxe5 22. Nxe5 Rxc1 23. Bxc1 Nxe4 24. Bg4 Nf6 25. Bxd7 Nfxd7 26. Be3 Kf8 27. Bxb6 axb6 28. Rxd7 Re8 29. Rxf7+ Kg8 30. Rf5 g6 31. Rg5 Kg7 32. f4 1-0

[Event "Ideal Clave op 7th"]
[Site "Barcelona"]
[Date "2001.10.20"]
[Round "3"]
[White "Catarineu Navines, Federico"]
[Black "March, Josep"]
[Result "1-0"]
[WhiteElo "2065"]
[BlackElo "1760"]
[PlyCount "49"]
[EventDate "2001.09.29"]
[EventType "swiss"]
[EventRounds "8"]
[EventCountry "ESP"]
[SourceTitle "EXT 2003"]
[Source "ChessBase"]
[SourceDate "2002.11.25"]
[SourceVersion "1"]
[SourceVersionDate "2002.11.25"]
[SourceQuality "1"]

1. e4 e5 2. f4 d5 3. exd5 exf4 4. Nf3 Bg4 5. Bc4 Qe7+ 6. Qe2 Bxf3 7. gxf3 Qxe2+ 8. Kxe2 Nd7 9. d4 Bd6 10. Rg1 g6 11. Nc3 f5 12. Nb5 Nb6 13. Nxd6+ cxd6 14. Bb3 a5 15. a4 Nf6 16. c4 Kd7 17. Bxf4 Rhe8+ 18. Kd3 Nh5 19. Bd2 Re7 20. Rae1 Nc8 21. Bg5 Re8 22. Rxe8 Kxe8 23. c5 Rb8 24. Re1+ Kd7 25. Bc4 1-0